Central Library OPAC University of Rajshahi

The New Testament of our Lord and Saviour Jesus Christ : (Record no. 35419)

MARC details
000 -LEADER
fixed length control field 00832cam a2200217Ia 4500
001 - CONTROL NUMBER
control field 35419
003 - CONTROL NUMBER IDENTIFIER
rucl marc code BD-RjUL
005 - DATE AND TIME OF LATEST TRANSACTION
control field 20211209052322.0
008 - FIXED-LENGTH DATA ELEMENTS--GENERAL INFORMATION
fixed length control field 140524r19511929enk 000 0 eng
035 ## - SYSTEM CONTROL NUMBER
System control number (BD-RjUL)35513
040 ## - CATALOGING SOURCE
Original cataloging agency DLC
Transcribing agency YNG
Modifying agency OCL
-- ZBS
-- BZM
-- BD-RjUL
Language of cataloging eng
041 1# - LANGUAGE CODE
Language code of text/sound track or separate title eng
Language code of original hebarc
082 ## - DEWEY DECIMAL CLASSIFICATION NUMBER
Classification number 225.5204
Author mark and year NEW 1951
245 14 - TITLE STATEMENT
Title The New Testament of our Lord and Saviour Jesus Christ :
Statement of responsibility, etc. translated out of the Greek, being the version set forth A.D. 1611 , compared with the most ancient authorities and revised, A.D. 1881.
260 ## - PUBLICATION, DISTRIBUTION, ETC. (IMPRINT)
Place of publication, distribution, etc. London :
Name of publisher, distributor, etc. Oxford University Press,
Date of publication, distribution, etc. 1929 [Reprinted 1951]
300 ## - PHYSICAL DESCRIPTION
Pagination [6], 545 p. ;
Size 16 cm.
650 ## - SUBJECT ADDED ENTRY--TOPICAL TERM
Topical term or geographic name as entry element Bible
General subdivision New Testament
-- Versions.
9 (RLIN) 220856
830 ## - SERIES ADDED ENTRY--UNIFORM TITLE
Uniform title The World's classics ;
Volume number/sequential designation 346
942 ## - ADDED ENTRY ELEMENTS (KOHA)
Source of classification or shelving scheme Dewey Decimal Classification
Koha item type Rare Books
Holdings
Lost status Source of classification or shelving scheme Damaged status Not for loan Collection code Permanent Location Current Location Shelving location Date acquired Total Checkouts Full call number Date last seen Copy number Koha item type
  Dewey Decimal Classification   Not For Loan Rare Books Central Library, University of Rajshahi Central Library, University of Rajshahi Rare Book Section 01/04/2018   RA 225.5204 NEW 1951 01/04/2018 C-1 Rare Books